000 01340nam a2200265 a 4500
001 000020756
003 DO-SdBNP
005 20241130074013.0
007 ta
008 100813s2015 dr r 001 0 spa
020 _a9789945894608
040 _aDO-SdBNP
_bspa
_cBNPHU
082 4 _bD725n
_222
100 1 _aDotel Matos, Héctor
_91202
245 1 0 _aNiños o menores infractores de la ley :
_bestudio de criminología juvenil /
_cHéctor Dotel Matos ; corrección Odalís G. Pérez ; prólogo Milcíades Mejía.
260 _aSanto Domingo :
_bAcademia de ciencias de la República Dominicana,
_c2015.
300 _a479 p. ;
_c24 cm.
500 _aIncluye datos biográficos del autor en la solapa de la cubierta
500 _aIncluye referencias bibliográficas y notas al pie de las páginas
505 0 _aPrólogo -- Introducción -- Noción de anomalía e infracción juvenil -- Primera parte : Antecedentes históricos y organismos judiciales de presentación -- Segunda parte : Ifracción juvenil y violencia -- Tercera parte : Búsqueda etiológica -- Cuarta parte : Estudio clínico de las conductas colpables del adolescente -- Bibliografía general .
590 _aInventariado, 2023/BT
700 1 _aMejía, Milcíades,
_eprólogo
_943514
700 1 _aPérez, Odalís
_d1952-
_ecorrección
_923828
942 _2ddc
_cLBS1
999 _c20260
_d20260